Statistics for Cities in the Hanseatic League (with Map!)

Click here to take the quiz!

General Stats

  • This quiz has been taken 810 times
  • The average score is 15 of 24

Answers on the Map

Answers color-coded by a green-red scale on the quiz's map according to % correct below.
 

Answer Stats

PopulationCity% Correct
3,769,495Berlin
99%
1,899,160Hamburg
99%
627,487Riga
92%
470,907Gdańsk
90%
975,904Stockholm
90%
437,619Tallinn
90%
1,085,664Cologne
87%
779,115Kraków
86%
431,402Kaliningrad
85%
569,352Bremen
82%
217,198Lübeck
65%
587,01Dortmund
64%
642,869Wrocław
63%
208,886Rostock
60%
232,735Groningen
55%
401,907Szczecin
54%
238,697Magdeburg
43%
314,319Münster
42%
92,972Tartu
35%
213,699Erfurt
34%
248,292Braunschweig
32%
164,748Osnabrück
29%
59,421Stralsund
24%
201,447Toruń
20%

Score Distribution

Percentile by Number Answered

Percent of People with Each Score

Your Score History

You have not taken this quiz